000 00307nam a22001337a 4500
005 20231026151106.0
008 231026b ||||| |||| 00| 0 eng d
040 _cAL
041 _aEnglish
082 _223
_a575.1
_bASIG
100 _aASIMOV (Issac).
_9139563
245 _aGenetic code
942 _2ddc
_cBK
999 _c229026
_d229026